| 000 | 00646nam a2200205Ia 4500 | ||
|---|---|---|---|
| 003 | GCL | ||
| 008 | 140319s9999 xx 000 0 ara d | ||
| 040 |
_aGCL / _cGCL |
||
| 082 | 0 | 4 |
_a650.75 _bس ع |
| 100 | 1 | _aسوفنير بوك هاوس | |
| 245 | 1 | 0 |
_aرسائل البنوك / _cسوفنير بوك هاوس |
| 260 |
_aبيروت : _bدار الراتب الجامعية |
||
| 300 |
_a112 ص ؛ _c19 سم |
||
| 490 |
_aعالم المراسلات _v11 |
||
| 650 | 0 | 4 | _aالمراسلات |
| 650 | 0 | 4 | _aالرسائل |
| 650 | 0 | 4 | _aالمراسلات التجارية |
| 650 | 0 | 4 | _aالمراسلات الحكومية |
| 942 |
_2ddc _cBK |
||
| 999 |
_c27510 _d27510 |
||